Capitales de l’Union européenne - Mort subite - Statistiques

Statistiques générales
  • Ce quiz a été pris 191 230 fois
  • Le résultat moyen est 7 sur 27
Answers on the Grid
Answers color-coded by a green-red scale on the quiz's grid according to % correct below.
Hambourg
Paris
Helsinki
Nicosie
Porto
Bucarest
Budapest
Berne
Bruxelles
Sofia
Oslo
Varsovie
Belgrade
Sarajevo
Athènes
Luxembourg
Istanbul
Madrid
La Haye
Ankara
Rome
Copenhague
La Valette
Reykjavik
Dublin
Tirana
Cracovie
Tbilissi
Amsterdam
Prague
Rabat
Zadar
Ljubljana
Breteslava
Lisbonne
Vilnius
Sienne
Monaco
Vienne
Berlin
Astana
Tallinn
Zagreb
Londres
Malmö
Bratislava
Debrecen
Riga
Lukomir
Stockholm
 
Statistiques - réponses
Réponse % Correct
Paris
35%
Rome
33%
Berlin
32%
Bruxelles
31%
Madrid
31%
Lisbonne
30%
Athènes
29%
Amsterdam
28%
Luxembourg
28%
Dublin
26%
Prague
26%
Vienne
26%
Budapest
25%
Copenhague
24%
Stockholm
24%
Varsovie
23%
Bucarest
22%
Helsinki
22%
Zagreb
22%
Sofia
21%
Riga
18%
La Valette
17%
Ljubljana
17%
Tallinn
17%
Vilnius
17%
Bratislava
16%
Nicosie
11%
Aucun quiz correspondant
Distribution des résultats
% des personnes avec chaque résultat
Percentile par nombre de réponses
Votre historique - résultats
Vous n’avez pas pris ce quiz